<?xml version="1.0" encoding="UTF-8"?><?xml-stylesheet type="text/xsl" href="static/style.xsl"?><OAI-PMH xmlns="http://www.openarchives.org/OAI/2.0/" xmlns:xsi="http://www.w3.org/2001/XMLSchema-instance" xsi:schemaLocation="http://www.openarchives.org/OAI/2.0/ http://www.openarchives.org/OAI/2.0/OAI-PMH.xsd"><responseDate>2026-04-14T18:18:17Z</responseDate><request verb="GetRecord" identifier="oai:uvadoc.uva.es:10324/4690" metadataPrefix="marc">https://uvadoc.uva.es/oai/request</request><GetRecord><record><header><identifier>oai:uvadoc.uva.es:10324/4690</identifier><datestamp>2025-02-13T10:25:46Z</datestamp><setSpec>com_10324_38</setSpec><setSpec>col_10324_852</setSpec></header><metadata><record xmlns="http://www.loc.gov/MARC21/slim" xmlns:doc="http://www.lyncode.com/xoai" xmlns:xsi="http://www.w3.org/2001/XMLSchema-instance" xmlns:dcterms="http://purl.org/dc/terms/" xsi:schemaLocation="http://www.loc.gov/MARC21/slim http://www.loc.gov/standards/marcxml/schema/MARC21slim.xsd">
<leader>00925njm 22002777a 4500</leader>
<datafield tag="042" ind1=" " ind2=" ">
<subfield code="a">dc</subfield>
</datafield>
<datafield tag="720" ind1=" " ind2=" ">
<subfield code="a">Aguado Merino, Elsa</subfield>
<subfield code="e">author</subfield>
</datafield>
<datafield tag="260" ind1=" " ind2=" ">
<subfield code="c">2013</subfield>
</datafield>
<datafield tag="520" ind1=" " ind2=" ">
<subfield code="a">Los niños desde que nacen están en contacto con la naturaleza, siendo así investigadores natos, queriendo observar y experimentar lo que hay a su alrededor. Por eso, las Ciencias hay que tratarlas desde las primeras edades, dándolas gran importancia. Aquí las trabajo mediante la metodología por proyectos, a través de la cual los niños observan, investigan, reflexionan, hacen análisis y experimentan.&#xd;
&#xd;
Por ello, he querido hacer un proyecto sobre el agua “Nube y Gota”, en el cual los niños son protagonistas de su propio aprendizaje y, siendo un tema muy cercano, lo van relacionando con lo que ya saben a través de sus experiencias y vivencias anteriores. Gracias a esto, lo que van aprendiendo tiene sentido para ellos.&#xd;
&#xd;
Por último, quiero mencionar que este año 2013 se celebra el “Año Internacional de la Cooperación en la Esfera del Agua”, por lo que, con más motivo, me decanto por tratar este tema.</subfield>
</datafield>
<datafield tag="024" ind2=" " ind1="8">
<subfield code="a">http://uvadoc.uva.es/handle/10324/4690</subfield>
</datafield>
<datafield ind1=" " ind2=" " tag="653">
<subfield code="a">Ciencias naturales - Estudio y enseñanza (Preescolar)</subfield>
</datafield>
<datafield ind1=" " ind2=" " tag="653">
<subfield code="a">Agua</subfield>
</datafield>
<datafield tag="245" ind1="0" ind2="0">
<subfield code="a">Las ciencias de la naturaleza en la educación infantil. Proyecto sobre el agua: Nube y gota"</subfield>
</datafield>
</record></metadata></record></GetRecord></OAI-PMH>